000
00221 a2200097 4500
001
24787
100
_a
Johnson, W
245
_a
Plasticity for mechanical engineers
260
_a
_b
D Van Nast
_c
1966
090
_c
16752
_d
16752
942
_a
NUST-CAE
_c
M
_c
7505
999
_c
259860
_d
259860